Normal view
MARC view
Entry Topical Term
001 - CONTROL NUMBER
- control field: 41774
003 - CONTROL NUMBER IDENTIFIER
- control field: ARRUPE
005 - DATE AND TIME OF LATEST TRANSACTION
- control field: 20180712092637.0
008 - FIXED-LENGTH DATA ELEMENTS
- fixed length control field: 180712|| aca||aabn | a|a d
040 ## - CATALOGING SOURCE
- Original cataloging agency: ARRUPE
- Transcribing agency: ARRUPE
150 ## - HEADING--TOPICAL TERM
- Topical term or geographic name as entry element: Papacy
- General subdivision: History
- Chronological subdivision: 1309-1378.
670 ## - SOURCE DATA FOUND
- Source citation: Work cat.: (ARRUPE)0: Petrarca, Francesco, 1304-1374. 41773, Petrarch's Book without a name;, 1973.